Bezrabotica i parična politika. Pravitelstvoto kato generator na "delovija cikal".
Problematika vzťahu medzi ekonomickou vedou a politikou štátu so zameraním na vzťah medzi infláciou a nezamestnanosťou. Hlavné problémy peňažnej politiky. Podstata monetarizmu a mechanistickej kvantitatívnej peňažnej teórie. Upresnenie termínu "inflácia". Stanovisko, že medzi infláciou a nezamestnan...
Guardado en:
| Autor principal: | |
|---|---|
| Formato: | Capítulo de libro |
| Lenguaje: | búlgaro |
| Materias: | |
| Etiquetas: |
Sin Etiquetas, Sea el primero en etiquetar este registro!
|
MARC
| LEADER | 00000naa a2200000 4500 | ||
|---|---|---|---|
| 001 | r009452 | ||
| 005 | 20221125114938.7 | ||
| 041 | 0 | |a bul | |
| 044 | |a BG | ||
| 245 | 1 | 0 | |a Bezrabotica i parična politika. Pravitelstvoto kato generator na "delovija cikal". |c Friedrich August von Hayek |
| 520 | |a Problematika vzťahu medzi ekonomickou vedou a politikou štátu so zameraním na vzťah medzi infláciou a nezamestnanosťou. Hlavné problémy peňažnej politiky. Podstata monetarizmu a mechanistickej kvantitatívnej peňažnej teórie. Upresnenie termínu "inflácia". Stanovisko, že medzi infláciou a nezamestnanosťou nejestvuje výber. | ||
| 610 | 2 | 0 | |a nezamestnanosť |
| 610 | 2 | 0 | |a programy vládne |
| 610 | 2 | 0 | |a veda ekonomická |
| 610 | 2 | 0 | |a inflácia |
| 610 | 2 | 0 | |a politika finančná |
| 610 | 2 | 0 | |a peniaze |
| 610 | 2 | 0 | |a monetarizmus |
| 610 | 2 | 0 | |a teória peňažná |
| 610 | 2 | 0 | |a cykly hospodárske |
| 100 | 1 | |a Hayek, Friedrich August von | |